| 000 | 00580nam a2200169 a 4500 | ||
|---|---|---|---|
| 001 | 000027592 | ||
| 005 | 20240305102114.0 | ||
| 008 | 110401s1979 dr abc 000 0 spa d | ||
| 040 |
_aDO-SdBNP _bspa _cBNPHU |
||
| 100 | 1 |
_aLizardo, Fradique, _d1930-1997 _962027 |
|
| 245 | 1 | 0 |
_aCultura africana en Santo Domingo / _cFradique Lizardo ; prólogo Rubén Selié. |
| 260 |
_aSanto Domingo : _bSociedad Industrial Dominicana, _c1979. |
||
| 300 |
_a98 p. : _bil., map., retrs. ; _c27 cm. |
||
| 504 | _aBibliografía : p. 87 - 98 | ||
| 700 | 1 |
_aSelié, Rubén _epról. _954653 |
|
| 049 | _aBNPD | ||
| 999 |
_c27084 _d27084 |
||